American Athletic Conference Logos - Statistics

General Stats
  • This quiz has been taken 94 times
  • The average score is 10 of 11
Answer Stats
Picture Answer % Correct
Houston Cougars
98%
Memphis Tigers
98%
Tulane Green Wave
98%
Tulsa Golden Hurricane
97%
Cincinnati Bearcats
95%
UCF Knights
95%
Temple Owls
89%
ECU Pirates
85%
SMU Mustangs
82%
USF Bulls
61%
Wichita State Shockers
57%
No matching quizzes found
Score Distribution
Percent of People with Each Score
Percentile by Number Answered
Your Score History
You have not taken this quiz